| 000 | 00631nam a2200253 4500 | ||
|---|---|---|---|
| 001 | BS2023000197 | ||
| 003 | BR-BrBNA | ||
| 005 | 20231222135849.0 | ||
| 008 | 230830b1982 bl.||||| |||| 00| 0 por d | ||
| 040 |
_aBR-BrBNA _bpor. |
||
| 041 |
_aeng. _apor. |
||
| 072 | _aB59 | ||
| 100 | _aKyokai, Bukkyo Dendo. | ||
| 245 | _aA doutrina de Buda = The teaching of Buddha / | ||
| 250 | _a3. ed. | ||
| 260 |
_aTokyo (Japão) : _bBukkyo Dendo Kyokai, _c1982 |
||
| 300 | _a609 p. | ||
| 650 | _aBUDISMO | ||
| 650 | _aRELIGIÃO | ||
| 650 | _aDOUTRINA | ||
| 909 |
_a202308 _bMaria Neves |
||
| 942 | _cBK | ||
| 999 |
_c9904 _d9904 |
||